[Event "EU-chT Seniors 65"]
[Site "Terme Catez"]
[Date "2024.05.12"]
[Round "6.4"]
[White "Roos, Jean Luc"]
[Black "Povah, Nigel Edward"]
[Result "1/2-1/2"]
[WhiteElo "2164"]
[BlackElo "2176"]
[PlyCount "24"]
[EventDate "2024.05.07"]
[EventType "team-swiss"]
[EventRounds "9"]
[EventCountry "SLO"]
[SourceTitle "CB20_2024"]
[SourceDate "2024.05.16"]
[SourceVersion "1"]
[SourceVersionDate "2024.05.16"]
[SourceQuality "1"]
[WhiteTeam "France 65"]
[BlackTeam "England 65"]
[WhiteTeamCountry "FRA"]
[BlackTeamCountry "ENG"]

1. c4 e5 2. g3 Nf6 3. Nc3 Bb4 4. Bg2 0-0 5. Nf3 Re8 6. 0-0 e4 7. Ne1 Bxc3 8. dxc3 h6 9. Nc2 b6 10. Ne3 d6 11. a4 a5 12. Qc2 Bb7 1/2-1/2

[Event "EU-chT Seniors 65"]
[Site "Terme Catez"]
[Date "2024.05.09"]
[Round "3.3"]
[White "Mencinger, Vojko"]
[Black "Roos, Jean Luc"]
[Result "1-0"]
[WhiteElo "2304"]
[BlackElo "2164"]
[PlyCount "81"]
[EventDate "2024.05.07"]
[EventType "team-swiss"]
[EventRounds "9"]
[EventCountry "SLO"]
[SourceTitle "CB20_2024"]
[SourceDate "2024.05.16"]
[SourceVersion "1"]
[SourceVersionDate "2024.05.16"]
[SourceQuality "1"]
[WhiteTeam "Slovenia 65"]
[BlackTeam "France 65"]
[WhiteTeamCountry "SLO"]
[BlackTeamCountry "FRA"]

1. c4 e6 2. d4 d5 3. Nc3 Nf6 4. Bg5 Be7 5. e3 0-0 6. Rc1 b6 7. cxd5 Nxd5 8. Nxd5 exd5 9. Bxe7 Qxe7 10. Bd3 Qb4+ 11. Qd2 Qxd2+ 12. Kxd2 c6 13. Ne2 a5 14. Nf4 Ra7 15. Rc3 Re7 16. Rhc1 Bb7 17. a4 f5 18. h4 g6 19. Be2 Rd8 20. g4 fxg4 21. Bxg4 c5 22. Be6+ Kg7 23. dxc5 d4 24. Rd3 dxe3+ 25. fxe3 Rxd3+ 26. Kxd3 bxc5 27. Rxc5 Nc6 28. Kd2 h6 29. Bd5 Rd7 30. Kc3 Ne7 31. Be6 Rd6 32. Rxa5 Kf6 33. Bg4 g5 34. hxg5+ hxg5 35. Nh5+ Kg6 36. Re5 Nc6 37. Rc5 Ba6 38. b3 Rd3+ 39. Kb2 Bb7 40. Bf5+ Kxh5 41. Bxd3 1-0

[Event "Wch Seniors 65 31st"]
[Site "Terassini"]
[Date "2023.11.03"]
[Round "9"]
[White "Reprintsev, Alexander"]
[Black "Roos, Jean Luc"]
[Result "1/2-1/2"]
[WhiteElo "2227"]
[BlackElo "2156"]
[PlyCount "119"]
[EventDate "2023.10.25"]
[EventType "swiss"]
[EventRounds "11"]
[EventCountry "ITA"]
[SourceTitle "Mega2024 Update 01"]
[Source "Chessbase"]
[SourceDate "2023.11.12"]
[SourceVersion "1"]
[SourceVersionDate "2023.11.12"]
[SourceQuality "1"]

1. e4 c5 2. Nf3 d6 3. Bb5+ Bd7 4. Bxd7+ Qxd7 5. c4 Nf6 6. Nc3 Nc6 7. 0-0 g6 8. d4 cxd4 9. Nxd4 Bg7 10. Nc2 0-0 11. Qe2 Rac8 12. b3 Qe6 13. Bd2 a6 14. Rae1 Nd7 15. f4 Nd4 16. Nxd4 Bxd4+ 17. Kh1 Nf6 18. Qd3 Ba7 19. Nd5 Nxd5 20. exd5 Qd7 21. f5 b5 22. cxb5 Qxb5 23. Qxb5 axb5 24. Rxe7 Bd4 25. Bf4 gxf5 26. Rb7 Be5 27. Bh6 Rb8 28. Rxb8 Rxb8 29. Rxf5 Rc8 30. g3 Rc2 31. a4 bxa4 32. bxa4 f6 33. Rh5 Rc5 34. Rh4 Rxd5 35. Kg2 Kf7 36. Be3 Kg6 37. Rg4+ Kf5 38. Rc4 Rd3 39. Bc1 d5 40. Rc2 Rd4 41. Ra2 Rc4 42. Bd2 Ke4 43. Kf2 Bd4+ 44. Ke2 h5 45. a5 Ba7 46. Rb2 d4 47. Rb3 Ra4 48. Rf3 Bb8 49. Rxf6 d3+ 50. Kd1 Ra1+ 51. Bc1 Rxa5 52. Re6+ Kf3 53. Kd2 Kg2 54. Kxd3 Kxh2 55. Bf4 Bxf4 56. gxf4 Kg3 57. Rg6+ Kxf4 58. Ke2 Ra2+ 59. Kf1 h4 60. Kg1 1/2-1/2

[Event "FRA-chT Top 16 Gp Basse"]
[Site "Chartres"]
[Date "2023.06.09"]
[Round "2.3"]
[White "Girel, Joseph"]
[Black "Roos, Jean Luc"]
[Result "1-0"]
[WhiteElo "2413"]
[BlackElo "2184"]
[PlyCount "97"]
[EventDate "2023.06.08"]
[EventType "team-tourn"]
[EventRounds "4"]
[EventCountry "FRA"]
[SourceTitle "CBM 214 Extra"]
[Source "ChessBase"]
[SourceDate "2023.07.31"]
[SourceVersion "1"]
[SourceVersionDate "2023.07.31"]
[SourceQuality "1"]
[WhiteTeam "Marseille"]
[BlackTeam "Strasbourg"]
[WhiteTeamCountry "FRA"]
[BlackTeamCountry "FRA"]

1. e4 e6 2. d4 d5 3. e5 c5 4. c3 Nc6 5. Nf3 Qb6 6. Be2 cxd4 7. cxd4 Nh6 8. Bxh6 gxh6 9. Qd2 Bg7 10. Nc3 0-0 11. 0-0 Qd8 12. Rad1 Bd7 13. Rfe1 a6 14. Bd3 Kh8 15. Bb1 f5 16. Ne2 Rg8 17. Kh1 Qe7 18. Nf4 Be8 19. Rg1 h5 20. h3 Bf8 21. Qe3 Rd8 22. g3 Qf7 23. Bd3 Bh6 24. Be2 Qd7 25. Nh4 Bg5 26. Nhg2 Qe7 27. h4 Bh6 28. Qb3 Rc8 29. Bxh5 Bxf4 30. Nxf4 Bxh5 31. Nxh5 Rg4 32. Nf6 Rxd4 33. Rxd4 Nxd4 34. Qe3 Nc6 35. g4 d4 36. Qg3 fxg4 37. Qxg4 Qf7 38. f4 Ne7 39. Ne4 Rg8 40. Ng5 Qf8 41. Qxe6 Rg6 42. Nf7+ Kg7 43. Qf6+ Kg8 44. Rxg6+ hxg6 45. e6 Kh7 46. h5 Qe8 47. Ng5+ Kh6 48. Ne4 d3 49. Qg5+ 1-0

[Event "EU-chT Seniors 65"]
[Site "Dresden"]
[Date "2022.10.28"]
[Round "2.3"]
[White "Thor, Jon Th"]
[Black "Roos, Jean Luc"]
[Result "0-1"]
[WhiteElo "2108"]
[BlackElo "2195"]
[PlyCount "48"]
[EventDate "2022.10.27"]
[EventType "team-swiss"]
[EventRounds "9"]
[EventCountry "GER"]
[SourceTitle "EXT 2024"]
[Source "ChessBase"]
[SourceDate "2023.10.10"]
[SourceVersion "1"]
[SourceVersionDate "2023.10.10"]
[SourceQuality "1"]
[WhiteTeam "Iceland 65"]
[BlackTeam "Strasbourg 65"]
[WhiteTeamCountry "ISL"]
[BlackTeamCountry "FRA"]

1. d4 d5 2. Nf3 Nf6 3. c4 e6 4. Nc3 Be7 5. Bg5 0-0 6. e3 h6 7. Bh4 b6 8. cxd5 Nxd5 9. Bxe7 Qxe7 10. Nxd5 exd5 11. Bd3 c5 12. 0-0 Be6 13. Rc1 Nd7 14. dxc5 bxc5 15. Qc2 a5 16. Rfd1 Rfc8 17. e4 c4 18. exd5 cxd3 19. Qxc8+ Rxc8 20. Rxc8+ Kh7 21. dxe6 Qxe6 22. Rxd3 Qxa2 23. g3 Qb1+ 24. Ne1 Qxe1+ 0-1

[Event "Verbandsliga Suedbaden 1819"]
[Site "Baden"]
[Date "2018.11.04"]
[Round "2.1"]
[White "Roos, Jean Luc"]
[Black "Prill, Daniel"]
[Result "1/2-1/2"]
[WhiteElo "2255"]
[BlackElo "2213"]
[PlyCount "57"]
[EventDate "2018.10.14"]
[EventType "team-tourn"]
[EventRounds "9"]
[EventCountry "GER"]
[SourceTitle "EXT 2020"]
[Source "ChessBase"]
[SourceDate "2019.10.17"]
[SourceVersion "1"]
[SourceVersionDate "2019.10.17"]
[SourceQuality "1"]
[WhiteTeam "Kuppenheim"]
[BlackTeam "Heitersheim"]
[WhiteTeamCountry "GER"]
[BlackTeamCountry "GER"]

1. e4 c6 2. d4 d5 3. e5 Bf5 4. Nd2 e6 5. Nb3 Nd7 6. Be3 Qc7 7. Nf3 a6 8. Be2 c5 9. dxc5 Nxc5 10. 0-0 Nxb3 11. axb3 Bc5 12. Nd4 Bxd4 13. Bb5+ Kf8 14. Qxd4 Rc8 15. Bd3 Ne7 16. Bg5 Bxd3 17. Bxe7+ Qxe7 18. Qxd3 g6 19. c3 Kg7 20. Ra4 Rhd8 21. Qe3 h6 22. g3 Rd7 23. Rd1 Qc5 24. Qf4 Qe7 25. h4 h5 26. Qe3 Qc5 27. Rdd4 Rcd8 28. b4 Qe7 29. Ra1 1/2-1/2

[Event "Baden-Alsace"]
[Site "Freiburg"]
[Date "2016.09.18"]
[Round "1.8"]
[White "Herbrechtsmeier, Christof"]
[Black "Roos, Jean Luc"]
[Result "1/2-1/2"]
[WhiteElo "2261"]
[BlackElo "2255"]
[PlyCount "49"]
[EventDate "2016.09.18"]
[EventType "team-match"]
[EventRounds "1"]
[EventCountry "GER"]
[SourceTitle "EXT 2018"]
[Source "ChessBase"]
[SourceDate "2017.10.13"]
[SourceVersion "1"]
[SourceVersionDate "2017.10.13"]
[SourceQuality "1"]
[WhiteTeam "Baden"]
[BlackTeam "Alsace"]
[WhiteTeamCountry "GER"]
[BlackTeamCountry "FRA"]

1. d4 d5 2. e4 dxe4 3. Nc3 Nf6 4. f3 c5 5. d5 exf3 6. Nxf3 g6 7. Bc4 Bg7 8. 0-0 0-0 9. Bg5 Bf5 10. Nh4 Bg4 11. Qd2 Nbd7 12. Qf4 a6 13. a4 Qb6 14. b3 Qa5 15. Qg3 Nh5 16. Qxg4 Ne5 17. Qe2 Nxc4 18. Qxc4 Qxc3 19. Rae1 Bd4+ 20. Kh1 f6 21. Bh6 Qxc4 22. bxc4 Rfe8 23. g4 Ng7 24. Rb1 Ra7 25. Nf3 1/2-1/2